| 000 | 00762nam a2200229 a 4500 | ||
|---|---|---|---|
| 001 | 000021435 | ||
| 005 | 20200930011327.0 | ||
| 008 | 100907s2003 pr a r 000 | spa d | ||
| 040 |
_aDO-SdBNP _bspa _cBNPHU |
||
| 082 |
_a972.91 _bC947i |
||
| 245 | 0 | 0 |
_aCrónicas de las isla / _cedición a cargo de José Rivero García y Elsa Regalado. |
| 260 |
_aSan Juan, (Puerto Rico) : _bCartas de Cuba, _c2003. |
||
| 300 |
_at.1, : _bil ; _c22 cm. |
||
| 490 | 1 | _aEscritura de la Libertad | |
| 651 | 4 |
_aCuba _xHistoria _9493 |
|
| 650 | 4 |
_aCrónicas cubanas _944726 |
|
| 651 | 4 |
_aCuba _xVida Social Y Costumbres _944249 |
|
| 700 | 1 |
_aRivero García, José _eed. _944250 |
|
| 700 | 1 |
_aRegalado, Elsa _eed. _944727 |
|
| 830 | 0 |
_aEscritura de la Libertad _944251 |
|
| 049 | _aBNRG | ||
| 999 |
_c20935 _d20935 |
||